00467nam a2200193Ia 4500008004100000020001800041050001400059100001600073245004100089245001900130260001500149260002200164260000900186300001500195300002700210300001100237440001700248500000800265170918s9999 xx 000 0 und d a9780531212424 bL991 2010 aLyon, Robin 4aThe Spanish missions of New Mexico / cby Robin Lyon. aNew York : bChildren's Press, c2010 a48 pages : bcolored illustration ; c21 cm. aA true book. a930